Statistics for Bible Characters #1

Click here to take the quiz!

General Stats

  • This quiz has been taken 38 times
  • The average score is 13 of 15

Answer Stats

HintAnswer% Correct
First manAdam
100%
Jesus’ motherMary
100%
Built the arkNoah
100%
First murder victimAbel
97%
First murdererCain
97%
Second king of IsraelDavid
97%
First womanEve
97%
Jesus’ earthly fatherJoseph
94%
Turned into a pillar of saltLot’s {Wife}
94%
Spent a night in the lion’s denDaniel
91%
The archangels namedMichael
89%
The archangels namedGabriel
86%
Reluctantly sentenced Jesus to deathPontius Pilate
83%
Lived for 969 yearsMethuselah
71%
Son of Asa and the fourth king of JudahJehoshaphat
11%

Score Distribution

Percentile by Number Answered

Percent of People with Each Score

Your Score History

You have not taken this quiz